Statistics for Official languages of South Africa

Click here to take the quiz!

General Stats

  • This quiz has been taken 21 times
  • The average score is 9 of 11

Answer Stats

HintAnswer% Correct
33%English
100%
29%Afrikaans
95%
33%Xhosa
95%
46%Zulu
95%
20%Sotho
90%
4%Ndebele
86%
20%Tswana
86%
6%Swazi
81%
5%Venda
81%
23%Northern Sotho
67%
10%Tsonga
67%

Score Distribution

Percentile by Number Answered

Percent of People with Each Score

Your Score History

You have not taken this quiz